000 00927nam a2200301 c 4500
001 000027036
003 DO-SdBNP
005 20240316073904.0
007 ta
008 110329s1986 dr a 000 f spa d
040 _aDO-SdBNP
_bspa
_cBNPHU
_erda
082 4 _aRD863.44
_bV443d 1986
_222
100 1 _aVeloz Maggiolo, Marcio,
_d1936-2021
_91104
245 1 0 _aDe donde vino la gente /
_cMarcio Veloz Maggiolo.
250 _a2a. ed.
260 _aSanto Domingo :
_bTaller,
_c1986.
264 _aSanto Domingo :
_bTaller,
_c1986.
300 _a109 páginas ;
_c18 cm.
336 _2rdacontent
_atexto
_btxt
337 _2rdamedia
_asin mediación
_bn
338 _2rdacarrier
_avolumen
_bnc
490 0 _aTaller
_v225
590 _aInventariado, 2020/VM
650 4 _aNovela infantil dominicana
_933379
650 4 _aLiteratura infantil dominicana
_9441
910 _aValidado. Control de calidad MFF
942 _2ddc
_cLBS1
999 _c26528
_d26528